[Event "Hammer SC 1 - SV Unser Fritz 1"]
[Site "Verbandsliga - Gruppe 2 2021/"]
[Date "2022.03.06"]
[Round "6.1"]
[White "Distelrath, Oliver"]
[Black "Spyrou, Emmanouil"]
[Result "0-1"]
[WhiteElo "1858"]
[BlackElo "2147"]
[PlyCount "78"]
[EventDate "2022.??.??"]
[WhiteTeam "SV Unser Fritz 1"]
[BlackTeam "Hammer SC 1"]

1. e4 c5 2. Nc3 Nc6 3. Bb5 Nd4 4. Bc4 e6 5. Nge2 Ne7 6. O-O Nec6 7. d3 Be7 8.
f4 a6 9. a4 Rb8 10. Nxd4 cxd4 11. Ne2 d6 12. Ng3 b5 13. Bb3 Na5 14. Ba2 b4 15.
e5 g6 16. f5 dxe5 17. fxe6 f6 18. Bh6 b3 19. cxb3 Bxe6 20. Ne4 f5 21. Nd2 Bf6
22. Rc1 Kf7 23. Rc5 Qb6 24. Rc2 Rhc8 25. Nc4 Nxc4 26. bxc4 a5 27. c5 Rxc5 28.
Bxe6+ Kxe6 29. g4 f4 30. g5 Be7 31. Qg4+ Kf7 32. Re2 Qd6 33. h4 Rbc8 34. Rff2
Rc1+ 35. Kh2 Qd5 36. Rg2 R8c7 37. Ref2 Re1 38. Rxf4+ exf4 39. Qxf4+ Ke8 0-1

[Event "Hammer SC 1 - SV Unser Fritz 1"]
[Site "Verbandsliga - Gruppe 2 2021/"]
[Date "2022.03.06"]
[Round "6.2"]
[White "Voss, Hubertus"]
[Black "Nowicki, Heiko"]
[Result "1-0"]
[WhiteElo "2073"]
[BlackElo "1787"]
[PlyCount "79"]
[EventDate "2022.??.??"]
[WhiteTeam "Hammer SC 1"]
[BlackTeam "SV Unser Fritz 1"]

1. e4 c5 2. Nf3 Nc6 3. Bb5 g6 4. O-O Bg7 5. Bxc6 bxc6 6. c3 d5 7. e5 Qa5 8. d4
Rb8 9. dxc5 Bg4 10. Re1 Qc7 11. Bf4 e6 12. b4 a5 13. a3 Ne7 14. Nbd2 O-O 15. h3
Bxf3 16. Nxf3 axb4 17. axb4 d4 18. Nxd4 Nd5 19. Qd2 Rfd8 20. Rab1 Nxf4 21. Qxf4
Rd5 22. Nf3 Rd3 23. Re3 Rd5 24. Rbe1 Ra8 25. Qe4 Ra2 26. Rd3 Ra3 27. Rxd5 cxd5
28. Qd4 Rb3 29. Qd2 Ra3 30. Nd4 Ra8 31. Nb5 Qe7 32. Nd4 Qc7 33. Qe3 Ra2 34. Nb5
Qe7 35. Nd6 Qh4 36. c6 Qe7 37. b5 Rb2 38. b6 Rb3 39. c7 Qd7 40. c8=Q+ 1-0

[Event "Hammer SC 1 - SV Unser Fritz 1"]
[Site "Verbandsliga - Gruppe 2 2021/"]
[Date "2022.03.06"]
[Round "6.3"]
[White "Jungbluth, Michael"]
[Black "Schlaap, Ralf"]
[Result "1-0"]
[WhiteElo "2003"]
[BlackElo "2062"]
[PlyCount "63"]
[EventDate "2022.??.??"]
[WhiteTeam "SV Unser Fritz 1"]
[BlackTeam "Hammer SC 1"]

1. d4 Nf6 2. c4 e6 3. g3 Bb4+ 4. Bd2 Qe7 5. Bg2 O-O 6. e3 Bxd2+ 7. Nxd2 d6 8.
Ne2 a5 9. Qc2 Nc6 10. a3 Bd7 11. O-O Rfe8 12. d5 Nd8 13. Nc3 c6 14. e4 cxd5 15.
exd5 Rc8 16. Rae1 b5 17. Qd3 b4 18. axb4 axb4 19. Nce4 e5 20. Nxf6+ Qxf6 21.
Qb3 Rb8 22. Ne4 Qe7 23. Rc1 f5 24. Nxd6 Qxd6 25. c5 Qf6 26. c6 Nxc6 27. dxc6+
Be6 28. Bd5 Rbc8 29. Rfd1 Bf7 30. Bxf7+ Qxf7 31. Qxb4 Re6 32. c7 1-0

[Event "Hammer SC 1 - SV Unser Fritz 1"]
[Site "Verbandsliga - Gruppe 2 2021/"]
[Date "2022.03.06"]
[Round "6.4"]
[White "Woertler, Lars-Erik"]
[Black "Mueller, Martin"]
[Result "0-1"]
[WhiteElo "1939"]
[BlackElo "2042"]
[PlyCount "52"]
[EventDate "2022.??.??"]
[WhiteTeam "Hammer SC 1"]
[BlackTeam "SV Unser Fritz 1"]

1. c4 f5 2. g3 Nf6 3. Bg2 e5 4. Nc3 Nc6 5. d3 Bb4 6. Bd2 O-O 7. e3 Bxc3 8. Bxc3
d6 9. Nf3 Qe8 10. O-O Qh5 11. Nh4 f4 12. e4 Qg5 13. Nf3 Qh6 14. Nh4 Ng4 15. h3
fxg3 16. fxg3 Qe3+ 17. Kh1 Nf2+ 18. Rxf2 Rxf2 19. Kh2 Be6 20. Nf5 Bxf5 21. exf5
Rf8 22. g4 g6 23. fxg6 R8f3 24. gxh7+ Kxh7 25. Qe1 Rxh3+ 26. Kg1 Rxg2+ 0-1

[Event "Hammer SC 1 - SV Unser Fritz 1"]
[Site "Verbandsliga - Gruppe 2 2021/"]
[Date "2022.03.06"]
[Round "6.5"]
[White "Tober, Julian"]
[Black "Brieger, Sebastian"]
[Result "1-0"]
[WhiteElo "1795"]
[BlackElo "1785"]
[PlyCount "77"]
[EventDate "2022.??.??"]
[WhiteTeam "SV Unser Fritz 1"]
[BlackTeam "Hammer SC 1"]

1. e4 c5 2. d4 cxd4 3. Qxd4 Nc6 4. Qe3 Nf6 5. Nc3 d5 6. Nxd5 Nxd5 7. exd5 Qxd5
8. c4 Qe6 9. Bd3 Nb4 10. Be4 f5 11. Bb1 g6 12. a3 Nc6 13. b3 Bg7 14. Ra2 Na5
15. Bb2 Qxe3+ 16. fxe3 e5 17. Bc2 O-O 18. Nf3 Re8 19. Kf2 Nc6 20. Rd1 Be6 21.
Bc3 h6 22. Bb1 b5 23. Rd6 Nd8 24. cxb5 Bxb3 25. Rb2 Bc4 26. Rxg6 f4 27. exf4
Bf7 28. Rg3 Kh8 29. Nxe5 Rg8 30. Nxf7+ Nxf7 31. Bxg7+ Rxg7 32. Rxg7 Kxg7 33. a4
Nd6 34. Bd3 Rb8 35. g4 Kf6 36. Kf3 Nf7 37. a5 Rd8 38. Rb3 Rb8 39. b6 1-0

[Event "Hammer SC 1 - SV Unser Fritz 1"]
[Site "Verbandsliga - Gruppe 2 2021/"]
[Date "2022.03.06"]
[Round "6.6"]
[White "Fluegel, Thomas"]
[Black "Koch, Till"]
[Result "0-1"]
[WhiteElo "1798"]
[BlackElo "1812"]
[PlyCount "62"]
[EventDate "2022.??.??"]
[WhiteTeam "Hammer SC 1"]
[BlackTeam "SV Unser Fritz 1"]

1. d4 Nf6 2. c4 e6 3. Nc3 Bb4 4. e3 c5 5. Bd3 Nc6 6. Nge2 Bxc3+ 7. Nxc3 cxd4 8.
exd4 Nxd4 9. Bxh7 e5 10. Be4 Nxe4 11. Nxe4 d5 12. cxd5 Qxd5 13. f3 Bf5 14. Nc3
Qc4 15. Kf2 Nc2 16. Rb1 Qc5+ 17. Kg3 Rd8 18. Qg1 Qc4 19. h4 Nd4 20. Ra1 Nc2 21.
Rb1 Rd3 22. Qxa7 O-O 23. Qa4 Nb4 24. Ra1 Qg4+ 25. Kf2 Qd4+ 26. Kg3 Qg4+ 27. Kf2
Qd4+ 28. Kg3 Rd8 29. Ne2 Qg4+ 30. Kf2 Rxf3+ 31. gxf3 Nd3+ 0-1

[Event "Hammer SC 1 - SV Unser Fritz 1"]
[Site "Verbandsliga - Gruppe 2 2021/"]
[Date "2022.03.06"]
[Round "6.7"]
[White "Dlouhy, Peter"]
[Black "Bachmann, Rolf"]
[Result "0-1"]
[WhiteElo "1810"]
[BlackElo "1733"]
[Annotator "daniel"]
[PlyCount "100"]
[EventDate "2022.??.??"]
[WhiteTeam "SV Unser Fritz 1"]
[BlackTeam "Hammer SC 1"]

1. d4 d5 2. Bf4 Nf6 3. e3 c6 4. Bd3 Qb6 5. b3 e6 6. Nf3 Nbd7 7. O-O c5 8. c4
cxd4 9. exd4 dxc4 10. bxc4 Be7 11. Nc3 O-O 12. Qc2 a6 13. Rfe1 Re8 14. Rad1 Qa5
15. c5 b5 16. Ne5 Nxe5 17. Bxe5 h6 18. Ne4 Nd5 19. Nd6 Rd8 20. Be4 Bxd6 21.
Bxd6 Bd7 22. Bxd5 exd5 23. Qd2 Qxd2 24. Rxd2 Re8 25. Kf1 b4 26. f3 Bb5+ 27. Kf2
a5 28. Rxe8+ Bxe8 29. Ke2 f6 30. Kd1 Bb5 31. Kc1 Re8 32. Kb2 $11 Re3 33. Bf4
Ra3 34. Rc2 Bc6 35. Bc7 Kf7 36. Bd6 Re3 37. Bf4 Rd3 38. Rd2 Ra3 39. Re2 Bb5 40.
Rc2 Ke7 41. c6 Kd8 42. c7+ Kc8 43. Bd6 Bc4 44. Kc1 g6 45. Be7 Kxc7 46. Bxf6 Kd7
47. Bg7 h5 48. Rf2 Bxa2 49. Bf8 Bc4 50. Kd2 Rd3+ 0-1

[Event "Hammer SC 1 - SV Unser Fritz 1"]
[Site "Verbandsliga - Gruppe 2 2021/"]
[Date "2022.03.06"]
[Round "6.8"]
[White "Sewarte, Jochen"]
[Black "Wolf, Franz"]
[Result "1/2-1/2"]
[WhiteElo "1575"]
[BlackElo "1638"]
[PlyCount "36"]
[EventDate "2022.??.??"]
[WhiteTeam "Hammer SC 1"]
[BlackTeam "SV Unser Fritz 1"]

1. e4 e5 2. Nf3 Nc6 3. Bc4 Nf6 4. Ng5 d5 5. exd5 Na5 6. Bb5+ Bd7 7. Qe2 Bd6 8.
d4 O-O 9. dxe5 Bxe5 10. O-O Re8 11. Qd3 Bxb5 12. Qxb5 Qxd5 13. Na3 Qxb5 14.
Nxb5 a6 15. Na3 Rad8 16. c3 b5 17. Nf3 Bd6 18. Nc2 c5 1/2-1/2

[Event "FS Dortmund 1 - SG Gladbeck 1"]
[Site "Verbandsklasse - Gruppe 1 202"]
[Date "2022.03.06"]
[Round "6.1"]
[White "Hassenrück, Helmut"]
[Black "Hein, Erwin"]
[Result "1-0"]
[WhiteElo "2101"]
[BlackElo "1985"]
[PlyCount "29"]
[EventDate "2022.??.??"]
[WhiteTeam "SG Gladbeck 1"]
[BlackTeam "FS Dortmund 1"]

1. d4 d5 2. Nf3 Nf6 3. c4 e6 4. Nc3 c6 5. e3 Nbd7 6. Bd3 dxc4 7. Bxc4 b5 8. Bd3
Bb7 9. e4 a6 10. e5 Nd5 11. Nxd5 cxd5 12. Ng5 h6 13. Qh5 Bb4+ 14. Kf1 Rf8 15.
Nxe6 1-0

[Event "FS Dortmund 1 - SG Gladbeck 1"]
[Site "Verbandsklasse - Gruppe 1 202"]
[Date "2022.03.06"]
[Round "6.2"]
[White "Mewes, Karsten"]
[Black "Frohne, Gerd"]
[Result "1/2-1/2"]
[WhiteElo "1955"]
[BlackElo "2041"]
[PlyCount "126"]
[EventDate "2022.??.??"]
[WhiteTeam "FS Dortmund 1"]
[BlackTeam "SG Gladbeck 1"]

1. Nf3 d5 2. c4 e6 3. b3 Nf6 4. g3 Be7 5. Bb2 O-O 6. Bg2 b6 7. O-O Bb7 8. e3
Nbd7 9. Nc3 dxc4 10. bxc4 c5 11. d3 Qb8 12. Qe2 Rd8 13. Rfd1 a6 14. a4 Ra7 15.
Ne1 Bxg2 16. Kxg2 Qb7+ 17. Kg1 Qc6 18. f4 Rc7 19. g4 Nf8 20. g5 Ne8 21. Nf3 f6
22. h4 Nd6 23. e4 Qe8 24. gxf6 gxf6 25. Qg2+ Qg6 26. h5 Qxg2+ 27. Kxg2 Nf7 28.
f5 e5 29. Nd5 Rb7 30. Kf2 Re8 31. Rg1+ Kh8 32. Rg2 Bd8 33. Rag1 Nd7 34. Rg7 Ng5
35. R1xg5 fxg5 36. h6 Rg8 37. Nxe5 Rxg7 38. Nf7+ Kg8 39. Nxd8 Rb8 40. hxg7 Rxd8
41. Ne7+ Kf7 42. g8=Q+ Rxg8 43. Nxg8 Kxg8 44. e5 Nb8 45. Kf3 h5 46. e6 Nc6 47.
Bf6 g4+ 48. Ke4 Kf8 49. Kf4 a5 50. Bg5 Nd4 51. Bd8 g3 52. Kxg3 Nxf5+ 53. Kh3
Nd4 54. e7+ Ke8 55. Kh4 Ne6 56. Bxb6 Kxe7 57. Bxa5 Nf4 58. Bc3 Nxd3 59. Kxh5
Nf2 60. Kg6 Ne4 61. Be1 Nd6 62. Bf2 Nxc4 63. Bxc5+ Kd7 1/2-1/2

[Event "FS Dortmund 1 - SG Gladbeck 1"]
[Site "Verbandsklasse - Gruppe 1 202"]
[Date "2022.03.06"]
[Round "6.3"]
[White "Kruse, Peter"]
[Black "Grube, Jörg"]
[Result "1-0"]
[WhiteElo "1972"]
[BlackElo "1853"]
[PlyCount "95"]
[EventDate "2022.??.??"]
[WhiteTeam "SG Gladbeck 1"]
[BlackTeam "FS Dortmund 1"]

1. e4 c5 2. Nf3 d6 3. Bb5+ Nd7 4. d4 cxd4 5. Qxd4 Ngf6 6. Bg5 e5 7. Qd3 a6 8.
Bxd7+ Bxd7 9. Nc3 Be6 10. O-O Rc8 11. Rfd1 Qc7 12. h3 b5 13. a3 Be7 14. Rac1
Qc4 15. Bxf6 gxf6 16. Nd5 Bxd5 17. Qxd5 Qxd5 18. Rxd5 Kd7 19. Nh4 Rc4 20. f3
Rhc8 21. c3 b4 22. axb4 Rxb4 23. Rc2 Rb5 24. Rxb5 axb5 25. Rd2 Rc4 26. Nf5 b4
27. cxb4 Rxb4 28. Kf2 Rb6 29. Ke2 Bd8 30. Kd1 Ra6 31. b4 Ke6 32. b5 Rb6 33. Rd5
Bc7 34. Kc2 Rb8 35. Kb3 Rd8 36. g4 Bb6 37. h4 Bc5 38. h5 Rb8 39. Kc4 Rc8 40.
Rd3 Ra8 41. Rb3 Bb6 42. Ne3 Rc8+ 43. Kd3 Bxe3 44. Kxe3 d5 45. exd5+ Kxd5 46. b6
Ke6 47. b7 Rb8 48. Ke4 1-0

[Event "FS Dortmund 1 - SG Gladbeck 1"]
[Site "Verbandsklasse - Gruppe 1 202"]
[Date "2022.03.06"]
[Round "6.4"]
[White "Brendemühl, Bernd"]
[Black "Wenzel, Martin"]
[Result "1/2-1/2"]
[WhiteElo "1944"]
[BlackElo "1928"]
[PlyCount "89"]
[EventDate "2022.??.??"]
[WhiteTeam "FS Dortmund 1"]
[BlackTeam "SG Gladbeck 1"]

1. e4 c6 2. d4 d5 3. Nc3 dxe4 4. Nxe4 Bf5 5. Ng3 Bg6 6. Nf3 Nf6 7. Bd3 Bxd3 8.
Qxd3 e6 9. O-O Bd6 10. Bg5 h6 11. Bd2 Nbd7 12. Rfe1 O-O 13. c4 c5 14. Bc3 Qc7
15. Ne4 Nxe4 16. Qxe4 Nf6 17. Qh4 Be7 18. dxc5 Nd5 19. Be5 Bxh4 20. Bxc7 Bxf2+
21. Kxf2 Nxc7 22. Ne5 f6 23. Ng6 Rfd8 24. Rad1 Kf7 25. Nf4 g5 26. Ne2 Na6 27.
c6 bxc6 28. Nd4 c5 29. Nc6 Rxd1 30. Rxd1 Nb4 31. Rd7+ Kg6 32. Ne7+ Kh5 33. a3
Nc2 34. Nc6 e5 35. Nxa7 e4 36. Nb5 Rb8 37. Rd5 Rc8 38. Ke2 Kg4 39. Nd6 Rb8 40.
Nxe4 Nd4+ 41. Kf1 Rxb2 42. Nxf6+ Kf4 43. Rxc5 Rb1+ 44. Kf2 Rb2+ 45. Kf1 1/2-1/2

[Event "FS Dortmund 1 - SG Gladbeck 1"]
[Site "Verbandsklasse - Gruppe 1 202"]
[Date "2022.03.06"]
[Round "6.5"]
[White "Huttny, Georg"]
[Black "Alghawi, Abdullah"]
[Result "0-1"]
[WhiteElo "1805"]
[BlackElo "1852"]
[PlyCount "36"]
[EventDate "2022.??.??"]
[WhiteTeam "SG Gladbeck 1"]
[BlackTeam "FS Dortmund 1"]

1. c4 Nf6 2. g3 g6 3. Bg2 Bg7 4. Nc3 O-O 5. e4 d6 6. Nge2 c5 7. O-O Nc6 8. h3
Rb8 9. d3 Nd4 10. Nxd4 cxd4 11. Ne2 Nd7 12. f4 b5 13. cxb5 Rxb5 14. f5 Ba6 15.
b3 Nc5 16. Bb2 Qb6 17. Bxd4 Bxd4+ 18. Nxd4 Nd7 0-1

[Event "FS Dortmund 1 - SG Gladbeck 1"]
[Site "Verbandsklasse - Gruppe 1 202"]
[Date "2022.03.06"]
[Round "6.6"]
[White "Schulz-Runge, Michael"]
[Black "Wendt, Peter"]
[Result "1/2-1/2"]
[WhiteElo "1880"]
[BlackElo "1789"]
[PlyCount "50"]
[EventDate "2022.??.??"]
[WhiteTeam "FS Dortmund 1"]
[BlackTeam "SG Gladbeck 1"]

1. c4 c5 2. g3 Nc6 3. Bg2 Nf6 4. d3 g6 5. Nc3 Bg7 6. Qa4 O-O 7. Be3 d6 8. Bxc6
bxc6 9. Qxc6 Rb8 10. Nf3 Rxb2 11. O-O Ng4 12. d4 Bb7 13. Qa4 Bxf3 14. exf3 Nxe3
15. fxe3 cxd4 16. Nd1 Rd2 17. e4 Qb6 18. Nf2 Rb8 19. Rad1 Rxd1 20. Rxd1 a5 21.
Nd3 e5 22. Rd2 Qc7 23. Rb2 Rxb2 24. Nxb2 Qb6 25. Qb5 Qc7 1/2-1/2

[Event "FS Dortmund 1 - SG Gladbeck 1"]
[Site "Verbandsklasse - Gruppe 1 202"]
[Date "2022.03.06"]
[Round "6.7"]
[White "Busch, Udo"]
[Black "Schläger, Reiner"]
[Result "1/2-1/2"]
[WhiteElo "1759"]
[BlackElo "1579"]
[PlyCount "102"]
[EventDate "2022.??.??"]
[WhiteTeam "SG Gladbeck 1"]
[BlackTeam "FS Dortmund 1"]

1. d4 Nf6 2. c4 e6 3. Nf3 c5 4. d5 d6 5. Nc3 exd5 6. cxd5 a6 7. a4 g6 8. e4 Qc7
9. Be2 Bg7 10. O-O O-O 11. Nd2 Nbd7 12. f4 Re8 13. Qc2 Nf8 14. Nc4 Ng4 15. h3
Bd4+ 16. Kh1 Nf2+ 17. Kh2 Bxc3 18. Rxf2 Bg7 19. Bd3 Bd7 20. Bd2 b5 21. Ba5 Qb8
22. Nb6 c4 23. Bf1 Ra7 24. Nxd7 Nxd7 25. Bc3 Nf6 26. Re1 Rc7 27. Rfe2 b4 28.
Bxf6 Bxf6 29. e5 dxe5 30. d6 Rc5 31. Qd1 Rd8 32. fxe5 Bxe5+ 33. Rxe5 Rxe5 34.
Rxe5 Rxd6 35. Re8+ Qxe8 36. Qxd6 c3 37. bxc3 bxc3 38. Qd4 Qc6 39. Qd8+ Kg7 40.
Qd4+ f6 41. Bd3 c2 42. Bxc2 Qxc2 43. Qa7+ Kh6 44. Qxa6 Qc7+ 45. Kg1 Qc5+ 46.
Kf1 Qc1+ 47. Ke2 Qc2+ 48. Kf3 Qc3+ 49. Kf2 Qd4+ 50. Kf1 Qd1+ 51. Kf2 Qd4+
1/2-1/2

[Event "FS Dortmund 1 - SG Gladbeck 1"]
[Site "Verbandsklasse - Gruppe 1 202"]
[Date "2022.03.06"]
[Round "6.8"]
[White "Schulz, Oliver"]
[Black "Blanc, Finn Lasse"]
[Result "1-0"]
[WhiteElo "1893"]
[BlackElo "1430"]
[PlyCount "105"]
[EventDate "2022.??.??"]
[WhiteTeam "FS Dortmund 1"]
[BlackTeam "SG Gladbeck 1"]

1. d4 d5 2. c4 e6 3. Nf3 Nf6 4. Bg5 Be7 5. Nc3 O-O 6. e3 Nbd7 7. Rc1 c6 8. Qc2
h6 9. Bh4 dxc4 10. Bxc4 Nd5 11. Bxe7 Qxe7 12. O-O N7b6 13. Bb3 Bd7 14. Ne4 Nb4
15. Qd2 N6d5 16. a3 Na6 17. Ba2 b6 18. Qd3 Nac7 19. Bb1 g6 20. Ne5 Rfd8 21. f4
c5 22. Rf3 Bb5 23. Qc2 cxd4 24. exd4 Kg7 25. Ng3 f5 26. Ne2 Qd6 27. Kh1 Rac8
28. Nc3 Ba6 29. g4 Nxc3 30. gxf5 exf5 31. Rxc3 Bb7+ 32. Kg1 Qxd4+ 33. Qf2 Qxf2+
34. Kxf2 Ne6 35. Ke3 Rxc3+ 36. Rxc3 Rd1 37. Ba2 Nc5 38. Rc2 Be4 39. Rc3 Rh1 40.
b4 Rxh2 41. bxc5 Rxa2 42. c6 Bxc6 43. Nxc6 a6 44. Ne5 g5 45. Rc7+ Kg8 46. Nc4
b5 47. Nd6 Rxa3+ 48. Kd4 gxf4 49. Ke5 Rg3 50. Nxf5 Rg6 51. Ne7+ Kh7 52. Nxg6+
Kxg6 53. Kxf4 1-0

[Event "SV Rot-Weiß-Altenessen 1 - SV Ahlen 2"]
[Site "Verbandsklasse - Gruppe 1 202"]
[Date "2022.03.06"]
[Round "6.1"]
[White "Jaeger, Niklas"]
[Black "Praß, Marian"]
[Result "1-0"]
[WhiteElo "1718"]
[BlackElo "2010"]
[Annotator "daniel"]
[PlyCount "75"]
[EventDate "2022.??.??"]
[WhiteTeam "SV Ahlen 2"]
[BlackTeam "SV Rot-Weiß-Altenessen 1"]

1. d4 Nf6 2. Bf4 c5 3. c3 d5 4. e3 Nc6 5. Bd3 e6 6. Nf3 Bd6 7. Ne5 Qc7 8. Bb5
O-O 9. Bxc6 bxc6 10. O-O Nd7 11. Nxd7 Qxd7 12. Bxd6 Qxd6 13. Nd2 cxd4 14. cxd4
c5 15. Nb3 cxd4 16. Qxd4 e5 17. Qc5 Qxc5 18. Nxc5 Rb8 19. b3 Rd8 20. Rfd1 Rb6
21. Rac1 f6 22. Rc2 Rbd6 23. Rcd2 Kf7 24. f3 h6 25. Kf2 f5 26. f4 $11 e4 27.
Rd4 Kf6 28. Ra4 a6 29. Rad4 Be6 30. Nb7 R8d7 31. Nxd6 Rxd6 32. Rc1 Bd7 33. a4
Ke6 34. Rc5 Be8 35. Rb4 Bd7 36. Ke2 g5 37. g3 Kf6 38. Rb7 1-0

[Event "SV Rot-Weiß-Altenessen 1 - SV Ahlen 2"]
[Site "Verbandsklasse - Gruppe 1 202"]
[Date "2022.03.06"]
[Round "6.2"]
[White "Rohloff, Markus"]
[Black "Lang, Nico"]
[Result "0-1"]
[WhiteElo "1897"]
[BlackElo "1581"]
[PlyCount "60"]
[EventDate "2022.??.??"]
[WhiteTeam "SV Rot-Weiß-Altenessen 1"]
[BlackTeam "SV Ahlen 2"]

1. e4 c5 2. Nf3 Nc6 3. d4 cxd4 4. Nxd4 e6 5. Bc4 Bb4+ 6. c3 Bc5 7. O-O Nf6 8.
Bg5 h6 9. Bxf6 gxf6 10. Nb3 Bb6 11. Na3 Rg8 12. Qh5 Ne5 13. Be2 Ng6 14. Bf3 Bc7
15. Rad1 Bf4 16. Nd4 Bg5 17. Ne2 Ne5 18. Nb5 b6 19. Ned4 Ke7 20. Be2 Bb7 21. f4
Bxe4 22. fxe5 Be3+ 23. Rf2 Rxg2+ 24. Kf1 Rxf2+ 25. Ke1 Qg8 26. exf6+ Rxf6 27.
Bg4 Qg5 28. Qh3 Bf2+ 29. Ke2 h5 30. Bxh5 Bh4 0-1

[Event "SV Rot-Weiß-Altenessen 1 - SV Ahlen 2"]
[Site "Verbandsklasse - Gruppe 1 202"]
[Date "2022.03.06"]
[Round "6.3"]
[White "Jacob, Phil"]
[Black "Kordonowski, Frank"]
[Result "0-1"]
[WhiteElo "1166"]
[BlackElo "1955"]
[PlyCount "70"]
[EventDate "2022.??.??"]
[WhiteTeam "SV Ahlen 2"]
[BlackTeam "SV Rot-Weiß-Altenessen 1"]

1. d4 d6 2. Bf4 Nf6 3. e3 Nbd7 4. Bd3 c6 5. c4 e5 6. Bg5 Be7 7. dxe5 dxe5 8.
Nc3 Nc5 9. Bc2 Be6 10. b3 Qa5 11. Nge2 Rd8 12. Qb1 Na6 13. O-O h6 14. Bxf6 Bxf6
15. Ne4 Be7 16. Qb2 Ba3 17. Qc3 Qxc3 18. N4xc3 Rd2 19. Bd1 Be7 20. a3 O-O 21.
Nb1 Rd7 22. Bc2 Rfd8 23. Nec3 f5 24. Rd1 Rxd1+ 25. Bxd1 e4 26. Ra2 Kf7 27. f3
exf3 28. Bxf3 Bc5 29. Kf2 f4 30. Ke2 Bxe3 31. g3 Nc5 32. Rb2 Nxb3 33. gxf4 Bxf4
34. Ke1 Nc5 35. Ne4 Nd3+ 0-1

[Event "SV Rot-Weiß-Altenessen 1 - SV Ahlen 2"]
[Site "Verbandsklasse - Gruppe 1 202"]
[Date "2022.03.06"]
[Round "6.6"]
[White "Drawe, Thomas"]
[Black "Moeller, Finn"]
[Result "1-0"]
[WhiteElo "1813"]
[BlackElo "903"]
[PlyCount "43"]
[EventDate "2022.??.??"]
[WhiteTeam "SV Rot-Weiß-Altenessen 1"]
[BlackTeam "SV Ahlen 2"]

1. c4 e5 2. g3 Nc6 3. Bg2 Bc5 4. Nc3 d6 5. Nf3 f5 6. d3 Nge7 7. O-O Be6 8. a3
O-O 9. Ng5 Qd7 10. Rb1 a5 11. e3 h6 12. Nxe6 Qxe6 13. Nd5 Qd7 14. b4 axb4 15.
axb4 Bb6 16. b5 Na7 17. Nxe7+ Qxe7 18. Bxb7 Rad8 19. Bd5+ Kh8 20. Qh5 Qf6 21.
Kg2 g6 22. Qxh6# 1-0

[Event "SV Rot-Weiß-Altenessen 1 - SV Ahlen 2"]
[Site "Verbandsklasse - Gruppe 1 202"]
[Date "2022.03.06"]
[Round "6.7"]
[White "Wefers, Simon"]
[Black "Neugebauer, Thomas"]
[Result "1/2-1/2"]
[WhiteElo "1699"]
[BlackElo "1830"]
[PlyCount "53"]
[EventDate "2022.??.??"]
[WhiteTeam "SV Ahlen 2"]
[BlackTeam "SV Rot-Weiß-Altenessen 1"]

1. e4 c5 2. c3 Nf6 3. e5 Nd5 4. d4 cxd4 5. cxd4 e6 6. Nc3 Nxc3 7. bxc3 d5 8.
Nf3 Be7 9. Bd3 Bd7 10. Qc2 h6 11. O-O Nc6 12. a4 Na5 13. Ba3 Rc8 14. Rfb1 b6
15. Bb4 Nc4 16. Bxc4 Rxc4 17. Nd2 Rc8 18. Bxe7 Qxe7 19. a5 b5 20. Nb3 O-O 21.
Nc5 Bc6 22. Rf1 g6 23. Qd2 Kg7 24. f4 h5 25. h3 Rh8 26. g3 Be8 27. Qg2 1/2-1/2

[Event "SV Rot-Weiß-Altenessen 1 - SV Ahlen 2"]
[Site "Verbandsklasse - Gruppe 1 202"]
[Date "2022.03.06"]
[Round "6.8"]
[White "Jahns, Uwe"]
[Black "Jaeger, Jeremy"]
[Result "1/2-1/2"]
[WhiteElo "1551"]
[BlackElo "927"]
[PlyCount "27"]
[EventDate "2022.??.??"]
[WhiteTeam "SV Rot-Weiß-Altenessen 1"]
[BlackTeam "SV Ahlen 2"]

1. d4 Nf6 2. c4 d5 3. Nc3 Bf5 4. Bf4 e6 5. a3 a6 6. e3 c5 7. Nf3 Nc6 8. Rc1 Be7
9. cxd5 exd5 10. dxc5 Qa5 11. Nd4 Bd7 12. Bd3 Qxc5 13. Nxc6 Qxc6 14. O-O
1/2-1/2

[Event "SG Werl-Wickede 1 - SV KS Haltern"]
[Site "?"]
[Date "2022.03.06"]
[Round "6"]
[White "Lombardi, Marco"]
[Black "Stolle, Dietmar"]
[Result "0-1"]
[WhiteElo "1933"]
[BlackElo "2027"]
[PlyCount "86"]
[EventDate "2019.??.??"]

1. e4 c5 2. Nf3 d6 3. d4 cxd4 4. Nxd4 Nf6 5. Nc3 g6 6. Bg5 Bg7 7. Qd2 Nc6 8.
Nxc6 bxc6 9. Bd3 Rb8 10. Rb1 O-O 11. O-O Re8 12. h3 Qc7 13. Kh1 Be6 14. b3 Rbd8
15. Rbe1 Qa5 16. Ne2 Qa3 17. f4 a5 18. Nc3 Qb4 19. f5 Bc8 20. fxg6 hxg6 21. Nb1
Be6 22. a3 Qb6 23. Be3 Qc7 24. Qf2 Rb8 25. a4 Nd7 26. Na3 Ne5 27. Be2 Rb4 28.
Bf3 Bd7 29. Bd2 Rb7 30. Be2 Be6 31. Rb1 d5 32. Bf4 Rb4 33. c4 dxe4 34. Nc2 Rb7
35. Nd4 Qc8 36. Rbe1 Rd8 37. Bxe5 Bxe5 38. Nxe6 Qxe6 39. Qc5 Rxb3 40. Qxa5 Rdb8
41. Rd1 Rxh3+ 42. Kg1 Bh2+ 43. Kf2 e3+ 0-1

[Event "SG Werl-Wickede 1 - SV KS Haltern"]
[Site "?"]
[Date "2022.03.06"]
[Round "6"]
[White "Beulertz, Stefan"]
[Black "Czarnik, Jozef"]
[Result "1/2-1/2"]
[WhiteElo "1971"]
[BlackElo "1863"]
[Annotator "stbe2"]
[PlyCount "80"]
[EventDate "2019.??.??"]

{[%evp 0,80,19,29,72,20,27,-2,8,24,16,24,17,20,23,17,16,-18,-22,-31,-29,-24,
-33,-50,-11,-21,-46,-76,-73,-47,-35,-39,-2,-2,-4,-64,-47,-47,-42,-44,-63,-63,
-50,-70,-71,-71,-64,-83,-79,-87,-76,-73,-58,-107,-74,-75,-59,-70,-31,-34,-34,
-26,-21,-32,-24,-24,-21,-25,-23,-19,0,-14,-7,-12,0,0,0,0,0,0,0,0,0]} 1. e4 c5
2. d3 Nc6 3. f4 e6 4. Nf3 d5 5. Be2 dxe4 6. dxe4 Qxd1+ 7. Bxd1 Be7 8. c3 Nf6 9.
Bc2 O-O 10. O-O Rd8 11. Na3 b6 12. Nc4 Ba6 13. Nce5 Nxe5 14. fxe5 Ne8 15. Re1
Bd3 16. Bxd3 Rxd3 17. c4 Rad8 18. Bf4 h6 19. h4 Nc7 20. Re3 Na6 21. a3 Nb8 22.
Rae1 R3d7 23. h5 Nc6 24. Kf1 Na5 25. Rc3 Rd3 26. Re3 Rd1+ 27. Re1 Kf8 28. Ke2
Rxe1+ 29. Kxe1 Ke8 30. Ke2 Rd7 31. b3 Nc6 32. Rd3 a6 33. Rxd7 Kxd7 34. Kd3 b5
35. cxb5 axb5 36. a4 Nb4+ 37. Kc3 Kc6 38. Nd2 f5 39. g3 fxe4 40. Nxe4 Nd5+
1/2-1/2

[Event "SG Werl-Wickede 1 - SV KS Haltern"]
[Site "?"]
[Date "2022.03.06"]
[Round "6"]
[White "Michalicek, Roland"]
[Black "Lampe, Thomas"]
[Result "0-1"]
[WhiteElo "1840"]
[BlackElo "1890"]
[PlyCount "60"]
[EventDate "2019.??.??"]

1. e4 c5 2. Nf3 Nc6 3. d4 cxd4 4. Nxd4 e5 5. Nb5 a6 6. N5c3 Nf6 7. Bg5 Be7 8.
Bxf6 Bxf6 9. Nd5 O-O 10. Nbc3 Be7 11. Bd3 Bc5 12. O-O d6 13. Kh1 f5 14. f4 g6
15. Qd2 Be6 16. a3 b5 17. Rf3 Rc8 18. Raf1 Nd4 19. Rg3 Kg7 20. Ne3 fxe4 21. f5
exd3 22. fxe6 Rxf1+ 23. Nxf1 dxc2 24. Rh3 h5 25. g4 Qf6 26. Ne3 hxg4 27. Ne4
Qf4 28. Nxc5 gxh3 29. Nd3 Qf3+ 30. Kg1 Ne2+ 0-1

[Event "SG Werl-Wickede 1 - SV KS Haltern"]
[Site "?"]
[Date "2022.03.06"]
[Round "6"]
[White "Brunberg, Ingo"]
[Black "Schulz, Alfons"]
[Result "0-1"]
[WhiteElo "1801"]
[BlackElo "1824"]
[PlyCount "106"]
[EventDate "2019.??.??"]

1. e4 Nf6 2. e5 Nd5 3. d4 d6 4. Nf3 Bf5 5. Bd3 Bxd3 6. Qxd3 Nb6 7. O-O Nc6 8.
exd6 Qxd6 9. c3 O-O-O 10. Qf5+ Rd7 11. Qxf7 e6 12. Qf4 Nd5 13. Qxd6 Bxd6 14.
Re1 Re8 15. Nbd2 e5 16. Nc4 Rde7 17. Nxd6+ cxd6 18. dxe5 Nxe5 19. Nxe5 dxe5 20.
Be3 a6 21. g3 Re6 22. Re2 g6 23. Rd1 Ne7 24. Red2 Nc6 25. Rd7 Rd8 26. Rxd8+
Nxd8 27. Rd5 Nc6 28. Bb6 Re8 29. b4 Nb8 30. Rc5+ Nc6 31. a4 Kb8 32. b5 axb5 33.
axb5 Nd8 34. Bxd8 Rxd8 35. Rxe5 Rc8 36. b6 Rxc3 37. Re8+ Rc8 38. Rxc8+ Kxc8 39.
f4 Kd7 40. g4 Kc6 41. f5 gxf5 42. gxf5 Kd5 43. Kf2 Ke5 44. Ke3 Kxf5 45. Kd4 Ke6
46. Kc5 Ke5 47. h4 h5 48. Kc4 Kd6 49. Kb5 Kd5 50. Kb4 Kc6 51. Kc4 Kxb6 52. Kb4
Kc6 53. Kc4 Kd6 0-1